| 000 | 00446nam a2200145Ia 4500 | ||
|---|---|---|---|
| 008 | 230411s9999 xx 000 0 und d | ||
| 020 | _a978-93-89788-51-6 | ||
| 041 | _aeng | ||
| 082 | _aF/610.73/JAC/B09272 | ||
| 100 |
_aJacob Annamma Rekha R & Jadhav Sonali _9179146 |
||
| 245 | _aClinical Nursing Procedures : The art of nursing practice | ||
| 260 |
_bJaypee Brothers _aNew Delhi _c2020 |
||
| 300 | _a1037p | ||
| 999 |
_c158452 _d158452 |
||